000 00335nam a22001457a 4500
020 _a978-9388043168
041 _aENG
100 _aGabb.M.H
245 _aA Handbook of Laboratory Solutions
260 _aNew Delhi
_bScientific Publishers
_c2013
300 _a116
650 _aM.Tech
700 _aLatchem.W.E
856 _uM.Tech ( 7 )
999 _c1028
_d1028